Responses for show #5141 - Monday, January 8, 2007

Contestants

[<< previous game]

Willie Chriesman, a media consultant and independent producer from Birmingham, Alabama

Chris Renz, a realtor and substitute teacher from Ligonier, Pennsylvania

Jeremy Rasmussen, a computer security consultant from Lutz, Florida (whose 1-day cash winnings total $28,001)

[next game >>]

Jeopardy! Round responses

KURDISH HISTORY
TV NUMBERS
AIRPORTS
FIRST NAME WORDS
PINKY
THE BRAIN
    $200 1
(2 of) Iraq, Iran, & Turkey

Willie
    $200 2
24

Jeremy
    $200 8
the Wright Brothers

Chris
    $200 13
a tom

Jeremy
    $200 18
pink slip

Jeremy
    $200 23
smell

Jeremy
    $400 3
the Soviet Union

Chris
    $400 4
Two and a Half Men

Willie
    $400 9
Galileo

Jeremy
    $400 14
rob

Chris
    $400 19
flamingoes

Jeremy
    $400 24
Winnie-the-Pooh

Jeremy
    $600 28
Saddam Hussein

Jeremy
    $600 6
7th Heaven

Jeremy
    $600 10
Battle Creek

Willie
    $600 15
(Willie: What is...)
...
(Alex: [*] Finn, yes indeed.)

a mickey

ChrisWillie
    $600 20
Sweet'N Low

Jeremy
    $600 25
Einstein

Willie
    $800 29
(Chris: What is World War... II?)

World War I

JeremyChris
    $800 5
30 Rock

Willie
    $800 11
Charles de Gaulle

Jeremy
    $800 16
a peg

Chris
    $800 21
pinkeye

Willie
    $800 26
the cerebrum

Willie
    $1000 30
the Kurdish Democratic Party

Chris
    $1000 7
Studio 60

Chris
    $1000 12
Chopin

Jeremy
    $2,000 17
norm

Chris
    $1000 22
The Blue Boy

Chris
    $1000 27
phosphorus

Chris

Scores at the first commercial break (after clue 15):

Jeremy Chris Willie
$3,200 $2,600 $1,400

Scores at the end of the Jeopardy! Round:

Jeremy Chris Willie
$6,400 $7,600 $3,600

Double Jeopardy! Round responses

"JAN"UARY
WRESTLING
A GEOGRAPHY LESSON
EAT YOUR FRUITS & VEGGIES
MUSICAL MASONS
PLAY TIME
    $400 1
the janitor

Willie
    $400 17
a tackle

Chris
    $400 6
the Alps

Chris
    $400 11
pineapple

Willie
    $400 12
Gilbert & Sullivan

Chris
    $400 18
Pygmalion

Jeremy
    $800 2
Trajan

Jeremy
    $800 19
on the ground (on the earth accepted)

Jeremy
    $800 7
Costa Rica

Chris
    $3,000 25
a pear

Willie
    $800 13
Nashville

Chris
    $800 21
Hedda Gabler

Chris
    $1200 3
Janet

Jeremy
    $1200 20
(Jeremy: What is a win?)
(Alex: No.)
(Jeremy: Oh, I'm sorry, a pin?)
(Chris: What is a pin?)
(Willie: What is a pin down?)

a fall

JeremyChrisWillie
Triple Stumper
    $1200 8
(Chris: What is... [The time signal sounds] The Sudan...)

Egypt & The Sudan

Chris
Triple Stumper
    $1200 26
peas

Chris
    $1200 14
Mozart

Willie
    $1200 22
Brighton Beach Memoirs

Chris
    $1600 4
Janus

Chris
    $3,000 27
Greco-Roman

Chris
    $1600 9
Tuscany

Chris
    $1600 28
cauliflower

Willie
    $1600 15
Sibelius

Jeremy
    $1600 23
(Jeremy: Who is Guffman?)

Lefty

Jeremy
Triple Stumper
    $2000 5
Azerbaijan

Chris
    $2000 30
a fireman's carry

Chris
    $2000 10
Lake Ontario

Chris
    $2000 29
a fig

Triple Stumper
    $2000 16
(Alex: And that man's very familiar name is [*], hence the saxophone.)
(Chris: Mm.)

Adolphe Sax

Triple Stumper
    $2000 24
M. Butterfly

Willie

Scores at the end of the Double Jeopardy! Round:

Jeremy Chris Willie
$8,400 $23,400 $11,000
(lock game)

[wagering suggestions for these scores]

Final Jeopardy! Round responses

HISTORIC AMERICANS
(Alex: In fact, this historic American was offered the command of the first Union Army formed to fight the Confederacy.)
...
(Alex: [To Jeremy] You are correct. He turned it down, of course, and led the Confederate armies.)
...
(Willie: Wrong war!)
JeremyWho is Robert E. Lee?
$8,398
WillieWho is Sgt. York?
$10,000
ChrisWho is Robt. E. Lee
$1,300
Robert E. Lee

Final scores:

Jeremy Chris Willie
$16,798 $24,700 $1,000
2nd place: $2,000 New champion: $24,700 3rd place: $1,000

Game dynamics:

Coryat scores:

Jeremy Chris Willie
$8,400 $21,000 $8,800
18 R,
2 W
24 R
(including 2 DDs),
3 W
13 R
(including 1 DD),
2 W

Combined Coryat: $38,200

The J! Archive is created by fans, for fans. The Jeopardy! game show and all elements thereof, including but not limited to copyright and trademark thereto, are the property of Jeopardy Productions, Inc. and are protected under law. This website is not affiliated with, sponsored by, or operated by Jeopardy Productions, Inc. Join the discussion at JBoard.tv.